000 00312nam a2200145Ia 4500
100 _aOne India one people
650 _aGeneral
942 _cBK
654 _aindia
245 _aKnow India Better
260 _bAuthors Press
_aMumbai
_c2006
082 _a398.09/ONE
_bONE
300 _a382
546 _aENGLISH
999 _c22221
_d22221